[Event "Russian Blitz Championship (w)"]
[Site "Sochi"]
[Date "2022.10.14"]
[Round "10.3"]
[White "Shuvalova, Polina"]
[Black "Potapova, Margarita"]
[Result "1-0"]
[BlackElo "2150"]
[WhiteElo "2392"]
[LiveChessVersion "1.4.8"]

1. d4 {[%clk 0:03:04]} Nf6 {[%clk 0:03:03]} 2. Nf3 {[%clk 0:03:05]} d5
{[%clk 0:03:04]} 3. Bf4 {[%clk 0:03:05]} c5 {[%clk 0:03:03]} 4. e3
{[%clk 0:03:07]} Nc6 {[%clk 0:03:03]} 5. Nbd2 cxd4 {[%clk 0:02:43]} 6. exd4
{[%clk 0:03:09]} Bg4 {[%clk 0:02:39]} 7. c3 {[%clk 0:03:08]} e6 {[%clk 0:02:40]}
8. Bb5 {[%clk 0:03:03]} Bd6 {[%clk 0:02:39]} 9. Bxd6 {[%clk 0:02:49]} Qxd6
{[%clk 0:02:39]} 10. h3 {[%clk 0:02:50]} Bh5 {[%clk 0:02:37]} 11. O-O
{[%clk 0:02:50]} O-O {[%clk 0:02:37]} 12. Re1 {[%clk 0:02:51]} a6
{[%clk 0:02:32]} 13. Bd3 {[%clk 0:02:52]} b5 {[%clk 0:02:27]} 14. a3
{[%clk 0:02:51]} Rab8 {[%clk 0:02:25]} 15. Qe2 {[%clk 0:02:48]} Rfe8
{[%clk 0:02:20]} 16. Qf1 {[%clk 0:02:47]} Nd7 {[%clk 0:02:14]} 17. Re3
{[%clk 0:02:31]} Bg6 {[%clk 0:02:02]} 18. Bxg6 {[%clk 0:02:31]} hxg6
{[%clk 0:02:03]} 19. Qd3 {[%clk 0:02:10]} a5 {[%clk 0:01:57]} 20. b4
{[%clk 0:02:09]} Nb6 {[%clk 0:01:45]} 21. Nb3 {[%clk 0:02:09]} Nc4
{[%clk 0:01:43]} 22. Re2 {[%clk 0:02:08]} Ra8 {[%clk 0:01:35]} 23. Rea2
{[%clk 0:02:00]} Re7 {[%clk 0:01:37]} 24. a4 {[%clk 0:01:56]} bxa4
{[%clk 0:01:21]} 25. Rxa4 {[%clk 0:01:54]} Nb6 {[%clk 0:01:19]} 26. R4a2
{[%clk 0:01:49]} Rea7 {[%clk 0:00:59]} 27. b5 {[%clk 0:01:47]} Nd8
{[%clk 0:00:49]} 28. Rxa5 {[%clk 0:01:40]} Rxa5 {[%clk 0:00:50]} 29. Rxa5
{[%clk 0:01:41]} Rxa5 30. Nxa5 {[%clk 0:01:41]} Qa3 {[%clk 0:00:52]} 31. Nc6
{[%clk 0:01:39]} Nxc6 {[%clk 0:00:26]} 32. bxc6 {[%clk 0:01:40]} Qa4
{[%clk 0:00:27]} 33. Ne5 {[%clk 0:01:36]} g5 {[%clk 0:00:14]} 34. Qb1
{[%clk 0:01:33]} Qa7 {[%clk 0:00:10]} 35. Qb5 {[%clk 0:01:26]} Qc7
{[%clk 0:00:12]} 36. Qa5 {[%clk 0:01:17]} f6 {[%clk 0:00:05]} 37. Nd7
{[%clk 0:01:14]} Qxc6 {[%clk 0:00:06]} 38. Nxb6 {[%clk 0:01:13]} Kh7
{[%clk 0:00:07]} 39. Qc5 {[%clk 0:01:13]} Qb7 {[%clk 0:00:07]} 40. Qd6
{[%clk 0:01:09]} Qf7 {[%clk 0:00:04]} 41. Nd7 {[%clk 0:01:07]} g4
{[%clk 0:00:05]} 42. hxg4 {[%clk 0:01:07]} Qg6 {[%clk 0:00:05]} 43. Nf8+
{[%clk 0:01:05]} 1-0

[Event "Russian Blitz Championship (w)"]
[Site "Sochi"]
[Date "2022.10.14"]
[Round "10.4"]
[White "Gunina, Valentina"]
[Black "Guseva, Marina"]
[Result "0-1"]
[BlackElo "2273"]
[WhiteElo "2376"]
[LiveChessVersion "1.4.8"]

1. d4 {[%clk 0:03:01]} Nf6 {[%clk 0:03:03]} 2. c4 {[%clk 0:03:02]} e6
{[%clk 0:03:04]} 3. Nf3 {[%clk 0:03:03]} b6 {[%clk 0:03:00]} 4. g3
{[%clk 0:03:03]} Ba6 {[%clk 0:03:01]} 5. b3 {[%clk 0:03:04]} Bb4+
{[%clk 0:03:02]} 6. Bd2 {[%clk 0:03:05]} Be7 {[%clk 0:03:02]} 7. Nc3
{[%clk 0:03:00]} O-O {[%clk 0:02:52]} 8. e4 {[%clk 0:03:00]} d5 {[%clk 0:02:51]}
9. cxd5 {[%clk 0:02:43]} Bxf1 {[%clk 0:02:48]} 10. Kxf1 {[%clk 0:02:43]} exd5
{[%clk 0:02:49]} 11. e5 {[%clk 0:02:43]} Ne4 {[%clk 0:02:50]} 12. Rc1
{[%clk 0:02:37]} c5 {[%clk 0:02:37]} 13. Qe2 {[%clk 0:02:28]} Nxc3
{[%clk 0:02:23]} 14. Bxc3 {[%clk 0:02:28]} Nc6 {[%clk 0:02:22]} 15. Kg2
{[%clk 0:02:28]} Qd7 {[%clk 0:02:20]} 16. Rhd1 {[%clk 0:02:18]} Rfd8
{[%clk 0:01:59]} 17. Bb2 {[%clk 0:02:12]} Rac8 {[%clk 0:01:57]} 18. h3
{[%clk 0:01:37]} h6 {[%clk 0:01:57]} 19. Re1 {[%clk 0:01:33]} Qe6
{[%clk 0:01:54]} 20. Rcd1 {[%clk 0:01:25]} c4 {[%clk 0:01:37]} 21. bxc4
{[%clk 0:01:10]} dxc4 {[%clk 0:01:37]} 22. Qe4 {[%clk 0:01:11]} Nb4
{[%clk 0:01:35]} 23. Bc3 {[%clk 0:01:02]} Nd5 {[%clk 0:01:35]} 24. Bd2
{[%clk 0:00:58]} c3 {[%clk 0:01:26]} 25. Bc1 {[%clk 0:00:58]} b5 {[%clk 0:01:20]}
26. Nh2 {[%clk 0:00:58]} c2 {[%clk 0:00:43]} 27. Rd3 {[%clk 0:00:59]} Nb4
{[%clk 0:00:42]} 28. Rd2 {[%clk 0:00:52]} Qc6 {[%clk 0:00:38]} 29. a3
{[%clk 0:00:37]} Qxe4+ {[%clk 0:00:35]} 30. Rxe4 {[%clk 0:00:38]} Na2
{[%clk 0:00:36]} 31. Re1 {[%clk 0:00:38]} b4 {[%clk 0:00:32]} 32. d5
{[%clk 0:00:37]} Nxc1 {[%clk 0:00:28]} 33. d6 {[%clk 0:00:13]} Bxd6
{[%clk 0:00:13]} 34. exd6 {[%clk 0:00:10]} Nb3 {[%clk 0:00:11]} 35. d7
{[%clk 0:00:06]} Nxd2 {[%clk 0:00:11]} 36. dxc8=Q {[%clk 0:00:04]} Rxc8
{[%clk 0:00:12]} 0-1

[Event "Russian Blitz Championship (w)"]
[Site "Sochi"]
[Date "2022.10.14"]
[Round "10.5"]
[White "Bodnaruk, Anastasia"]
[Black "Kovanova, Baira"]
[Result "1-0"]
[BlackElo "2217"]
[WhiteElo "2332"]
[LiveChessVersion "1.4.8"]

1. e4 {[%clk 0:03:03]} c5 {[%clk 0:03:03]} 2. Nc3 {[%clk 0:03:04]} e6
{[%clk 0:03:03]} 3. Nge2 {[%clk 0:02:58]} a6 {[%clk 0:03:00]} 4. g3
{[%clk 0:02:58]} b5 {[%clk 0:03:00]} 5. Bg2 {[%clk 0:02:59]} Bb7 {[%clk 0:03:01]}
6. d4 {[%clk 0:03:00]} cxd4 {[%clk 0:03:00]} 7. Nxd4 {[%clk 0:03:01]} d6
{[%clk 0:02:42]} 8. O-O {[%clk 0:03:00]} Be7 {[%clk 0:02:43]} 9. Re1
{[%clk 0:02:44]} Qc7 {[%clk 0:02:43]} 10. a4 {[%clk 0:02:32]} b4 {[%clk 0:02:16]}
11. Na2 {[%clk 0:02:31]} Nf6 {[%clk 0:02:16]} 12. Bg5 {[%clk 0:01:58]} a5
{[%clk 0:01:33]} 13. Bxf6 {[%clk 0:01:48]} gxf6 {[%clk 0:01:30]} 14. c3
{[%clk 0:01:44]} Na6 {[%clk 0:01:21]} 15. Qh5 {[%clk 0:01:27]} Qc5
{[%clk 0:01:18]} 16. Nxe6 {[%clk 0:01:16]} Qe5 {[%clk 0:00:51]} 17. Ng7+
{[%clk 0:01:09]} Kd8 {[%clk 0:00:41]} 18. Qxf7 {[%clk 0:01:03]} Nc5
{[%clk 0:00:36]} 19. f4 {[%clk 0:00:51]} 1-0

[Event "Russian Blitz Championship (w)"]
[Site "Sochi"]
[Date "2022.10.14"]
[Round "10.6"]
[White "Tomilova, Elena"]
[Black "Bivol, Alina"]
[Result "1-0"]
[BlackElo "2264"]
[WhiteElo "2107"]
[LiveChessVersion "1.4.8"]

1. c4 {[%clk 0:03:03]} e5 {[%clk 0:02:56]} 2. g3 {[%clk 0:03:03]} Nc6
{[%clk 0:02:55]} 3. Bg2 {[%clk 0:03:04]} Bc5 {[%clk 0:02:56]} 4. Nc3
{[%clk 0:03:03]} a6 {[%clk 0:02:57]} 5. Nf3 {[%clk 0:02:41]} d6 {[%clk 0:02:54]}
6. d3 {[%clk 0:02:36]} Nge7 {[%clk 0:02:49]} 7. O-O {[%clk 0:02:31]} O-O
{[%clk 0:02:48]} 8. b3 {[%clk 0:02:28]} Ba7 {[%clk 0:02:46]} 9. Bb2
{[%clk 0:02:28]} Bg4 {[%clk 0:02:07]} 10. h3 {[%clk 0:02:22]} Bh5
{[%clk 0:01:48]} 11. g4 {[%clk 0:02:03]} Bg6 {[%clk 0:01:49]} 12. e4
{[%clk 0:01:52]} f6 {[%clk 0:01:42]} 13. Ne2 {[%clk 0:01:48]} Bf7
{[%clk 0:01:41]} 14. Kh2 {[%clk 0:01:44]} Qd7 {[%clk 0:01:31]} 15. d4
{[%clk 0:01:31]} exd4 {[%clk 0:01:29]} 16. Nexd4 {[%clk 0:01:30]} Rae8
{[%clk 0:01:03]} 17. Qd2 {[%clk 0:01:11]} Ng6 {[%clk 0:00:59]} 18. Rae1
{[%clk 0:01:01]} Nce5 {[%clk 0:00:33]} 19. Nf5 {[%clk 0:00:56]} Rd8
{[%clk 0:00:22]} 20. N3d4 {[%clk 0:00:51]} Nc6 {[%clk 0:00:13]} 21. f4
{[%clk 0:00:48]} Nxd4 {[%clk 0:00:14]} 22. Bxd4 {[%clk 0:00:49]} Bxd4 23. Qxd4
{[%clk 0:00:49]} c6 {[%clk 0:00:12]} 24. Rd1 {[%clk 0:00:46]} d5 {[%clk 0:00:06]}
25. cxd5 {[%clk 0:00:43]} cxd5 {[%clk 0:00:07]} 26. exd5 {[%clk 0:00:43]} h5
{[%clk 0:00:05]} 27. Ne3 {[%clk 0:00:32]} h4 {[%clk 0:00:06]} 28. d6 b5 29. Bd5
{[%clk 0:00:25]} Kh7 {[%clk 0:00:09]} 30. Bxf7 {[%clk 0:00:20]} Qxf7
{[%clk 0:00:10]} 31. g5 {[%clk 0:00:20]} Rd7 {[%clk 0:00:11]} 32. f5
{[%clk 0:00:18]} fxg5 {[%clk 0:00:11]} 33. fxg6+ {[%clk 0:00:19]} Qxg6
{[%clk 0:00:11]} 34. Rxf8 {[%clk 0:00:19]} 1-0

[Event "Russian Blitz Championship (w)"]
[Site "Sochi"]
[Date "2022.10.14"]
[Round "10.7"]
[White "Strutinskaia, Galina"]
[Black "Pogonina, Natalija"]
[Result "0-1"]
[BlackElo "2332"]
[WhiteElo "2090"]
[LiveChessVersion "1.4.8"]

1. d4 {[%clk 0:03:03]} Nf6 {[%clk 0:03:02]} 2. c4 {[%clk 0:03:04]} e6
{[%clk 0:03:02]} 3. Nc3 {[%clk 0:03:05]} Bb4 {[%clk 0:03:02]} 4. f3
{[%clk 0:03:06]} O-O {[%clk 0:02:49]} 5. e4 {[%clk 0:02:57]} d6 {[%clk 0:02:50]}
6. Nge2 {[%clk 0:02:51]} e5 {[%clk 0:02:49]} 7. Be3 {[%clk 0:02:51]} exd4
{[%clk 0:02:40]} 8. Bxd4 {[%clk 0:02:46]} Nc6 {[%clk 0:02:39]} 9. Bf2
{[%clk 0:02:47]} Ne5 {[%clk 0:02:33]} 10. a3 {[%clk 0:02:47]} Ba5
{[%clk 0:02:20]} 11. Nd4 {[%clk 0:02:28]} a6 {[%clk 0:02:04]} 12. b4
{[%clk 0:02:26]} Bb6 {[%clk 0:02:04]} 13. Be2 {[%clk 0:02:26]} c5
{[%clk 0:01:59]} 14. Nc2 {[%clk 0:02:16]} cxb4 {[%clk 0:01:58]} 15. Bxb6
{[%clk 0:02:15]} Qxb6 {[%clk 0:01:58]} 16. axb4 {[%clk 0:02:16]} Be6
{[%clk 0:01:50]} 17. Nd5 {[%clk 0:02:02]} Bxd5 {[%clk 0:01:50]} 18. cxd5
{[%clk 0:02:01]} Rac8 {[%clk 0:01:50]} 19. Ra2 {[%clk 0:02:02]} Nh5
{[%clk 0:01:27]} 20. g3 {[%clk 0:01:55]} Nf6 {[%clk 0:01:13]} 21. Qd2
{[%clk 0:01:44]} Rc7 {[%clk 0:01:03]} 22. Ne3 {[%clk 0:01:37]} Rfc8
{[%clk 0:01:00]} 23. Rc2 {[%clk 0:01:26]} Rxc2 24. Nxc2 {[%clk 0:01:27]} Nc4
{[%clk 0:00:48]} 25. Qd4 {[%clk 0:01:20]} Qc7 {[%clk 0:00:46]} 26. O-O
{[%clk 0:01:14]} Ne5 {[%clk 0:00:42]} 27. Ne3 {[%clk 0:01:08]} g6
{[%clk 0:00:40]} 28. f4 {[%clk 0:00:58]} Ned7 {[%clk 0:00:39]} 29. Rd1
{[%clk 0:00:53]} Qc3 {[%clk 0:00:36]} 30. Kf2 {[%clk 0:00:48]} Qxd4
{[%clk 0:00:36]} 31. Rxd4 {[%clk 0:00:49]} b5 {[%clk 0:00:33]} 32. Rd3
{[%clk 0:00:47]} Nxe4+ {[%clk 0:00:33]} 33. Kf3 {[%clk 0:00:48]} f5
{[%clk 0:00:29]} 34. Ra3 {[%clk 0:00:48]} Nb8 {[%clk 0:00:27]} 35. g4
{[%clk 0:00:48]} Nd2+ {[%clk 0:00:23]} 36. Kf2 {[%clk 0:00:46]} fxg4
{[%clk 0:00:22]} 37. Bxg4 {[%clk 0:00:45]} Rc7 {[%clk 0:00:23]} 38. Ke2
{[%clk 0:00:35]} Ne4 {[%clk 0:00:23]} 39. Kf3 {[%clk 0:00:37]} Nf6
{[%clk 0:00:24]} 40. Be6+ {[%clk 0:00:38]} Kg7 {[%clk 0:00:26]} 41. f5
{[%clk 0:00:36]} Rc1 {[%clk 0:00:22]} 42. fxg6 {[%clk 0:00:35]} hxg6
{[%clk 0:00:23]} 43. Ra2 {[%clk 0:00:36]} Rc3 {[%clk 0:00:22]} 44. Kf4
{[%clk 0:00:33]} Rb3 {[%clk 0:00:22]} 45. Rc2 {[%clk 0:00:29]} Rxb4+
{[%clk 0:00:22]} 46. Kf3 {[%clk 0:00:30]} a5 {[%clk 0:00:11]} 47. Rc7+
{[%clk 0:00:29]} Kh6 {[%clk 0:00:11]} 48. Rf7 {[%clk 0:00:24]} Nh5
{[%clk 0:00:07]} 49. h4 {[%clk 0:00:22]} Rxh4 {[%clk 0:00:07]} 50. Rb7
{[%clk 0:00:23]} Na6 {[%clk 0:00:08]} 51. Rxb5 {[%clk 0:00:24]} a4
{[%clk 0:00:08]} 52. Ra5 {[%clk 0:00:25]} Nc5 {[%clk 0:00:10]} 53. Ng4+
{[%clk 0:00:26]} Kg5 {[%clk 0:00:11]} 54. Nf2 {[%clk 0:00:25]} Rf4+
{[%clk 0:00:11]} 55. Ke3 {[%clk 0:00:25]} Rb4 {[%clk 0:00:11]} 56. Ra8
{[%clk 0:00:22]} Nf4 {[%clk 0:00:09]} 57. Bf7 {[%clk 0:00:17]} Rb3+
{[%clk 0:00:09]} 58. Kd2 {[%clk 0:00:17]} Nfd3 {[%clk 0:00:07]} 59. Nd1
{[%clk 0:00:10]} Kf6 {[%clk 0:00:07]} 60. Ra7 {[%clk 0:00:10]} Ne5
{[%clk 0:00:07]} 61. Bg8 {[%clk 0:00:10]} Rb7 {[%clk 0:00:07]} 62. Ra8
{[%clk 0:00:10]} Kg7 {[%clk 0:00:07]} 63. Nc3 {[%clk 0:00:09]} a3
{[%clk 0:00:06]} 64. Ke3 {[%clk 0:00:04]} Rb4 {[%clk 0:00:04]} 65. Be6 Nc4+ 66.
Ke2 Rb2+ 67. Kd1 Nd3 68. Ra7+ Kf6 69. Rf7+ Ke5 70. Na4 Rd2# 0-1

[Event "Russian Blitz Championship (w)"]
[Site "Sochi"]
[Date "2022.10.14"]
[Round "10.8"]
[White "Styazhkina, Anna"]
[Black "Ovod, Evgenija"]
[Result "0-1"]
[BlackElo "2223"]
[WhiteElo "2121"]
[LiveChessVersion "1.4.8"]

1. e4 {[%clk 0:03:03]} e5 {[%clk 0:03:04]} 2. Nf3 {[%clk 0:02:51]} Nc6
{[%clk 0:03:05]} 3. Bc4 {[%clk 0:02:52]} Bc5 {[%clk 0:03:06]} 4. c3
{[%clk 0:02:50]} Nf6 {[%clk 0:03:06]} 5. d4 {[%clk 0:02:37]} exd4
{[%clk 0:03:06]} 6. O-O {[%clk 0:02:36]} Nxe4 {[%clk 0:03:06]} 7. cxd4
{[%clk 0:02:36]} d5 {[%clk 0:03:07]} 8. dxc5 {[%clk 0:02:25]} dxc4
{[%clk 0:03:08]} 9. Qe2 {[%clk 0:02:25]} Qd3 {[%clk 0:03:08]} 10. Re1
{[%clk 0:02:19]} f5 {[%clk 0:02:43]} 11. Nc3 {[%clk 0:02:08]} O-O
{[%clk 0:02:30]} 12. Nxe4 {[%clk 0:01:40]} fxe4 {[%clk 0:02:26]} 13. Qxe4
{[%clk 0:01:39]} Bf5 {[%clk 0:02:00]} 14. Qh4 {[%clk 0:01:14]} Rae8
{[%clk 0:01:46]} 15. Be3 {[%clk 0:01:13]} Re4 {[%clk 0:01:29]} 16. Qg3
{[%clk 0:00:37]} Rg4 {[%clk 0:01:21]} 17. Ne5 {[%clk 0:00:30]} Rxg3
{[%clk 0:01:11]} 18. Nxd3 {[%clk 0:00:30]} Rxe3 {[%clk 0:01:12]} 19. Rxe3
{[%clk 0:00:24]} cxd3 {[%clk 0:01:10]} 20. Rd1 {[%clk 0:00:16]} Rd8
{[%clk 0:01:09]} 21. Rd2 {[%clk 0:00:15]} a5 {[%clk 0:00:58]} 22. f3
{[%clk 0:00:12]} h5 {[%clk 0:00:57]} 23. g3 {[%clk 0:00:09]} a4 {[%clk 0:00:53]}
24. Kf2 {[%clk 0:00:05]} Na5 {[%clk 0:00:50]} 25. b3 {[%clk 0:00:04]} axb3
{[%clk 0:00:50]} 26. axb3 {[%clk 0:00:05]} Nxb3 {[%clk 0:00:51]} 27. Rd1
{[%clk 0:00:06]} d2 {[%clk 0:00:39]} 28. Rxb3 {[%clk 0:00:05]} Bc2
{[%clk 0:00:40]} 0-1

[Event "Russian Blitz Championship (w)"]
[Site "Sochi"]
[Date "2022.10.14"]
[Round "11.1"]
[White "Dimitrova, Aleksandra"]
[Black "Voit, Daria"]
[Result "0-1"]
[BlackElo "2247"]
[WhiteElo "2051"]
[LiveChessVersion "1.4.8"]

1. e4 {[%clk 0:03:03]} c6 {[%clk 0:03:03]} 2. d4 {[%clk 0:03:04]} d5
{[%clk 0:03:05]} 3. e5 {[%clk 0:03:05]} Bf5 {[%clk 0:03:05]} 4. Nc3
{[%clk 0:03:06]} Qb6 {[%clk 0:02:56]} 5. Na4 {[%clk 0:02:50]} Qa5+
{[%clk 0:02:51]} 6. c3 {[%clk 0:02:50]} e6 {[%clk 0:02:48]} 7. Be3
{[%clk 0:02:37]} Nd7 {[%clk 0:02:38]} 8. b4 {[%clk 0:02:17]} Bxb4
{[%clk 0:02:32]} 9. cxb4 {[%clk 0:02:17]} Qxb4+ {[%clk 0:02:33]} 10. Bd2
{[%clk 0:02:16]} Qxd4 {[%clk 0:02:33]} 11. Nf3 {[%clk 0:02:14]} Qe4+
{[%clk 0:02:33]} 12. Be2 {[%clk 0:02:14]} d4 {[%clk 0:02:03]} 13. Nb2
{[%clk 0:01:59]} Nxe5 {[%clk 0:01:53]} 14. Nxe5 {[%clk 0:01:58]} Qxe5
{[%clk 0:01:53]} 15. O-O {[%clk 0:01:54]} Ne7 {[%clk 0:01:41]} 16. Nc4
{[%clk 0:01:30]} Qc7 {[%clk 0:01:41]} 17. Bb4 {[%clk 0:01:19]} Rd8
{[%clk 0:01:26]} 18. Bd3 {[%clk 0:01:04]} Bxd3 {[%clk 0:01:09]} 19. Qxd3
{[%clk 0:01:05]} c5 {[%clk 0:01:10]} 20. Bd2 {[%clk 0:00:50]} b5 {[%clk 0:01:10]}
21. Na3 {[%clk 0:00:34]} a6 {[%clk 0:01:11]} 22. Rac1 {[%clk 0:00:31]} O-O
{[%clk 0:01:03]} 23. Qe4 {[%clk 0:00:22]} Qd6 {[%clk 0:01:01]} 24. Bf4
{[%clk 0:00:21]} Qd5 {[%clk 0:00:59]} 25. Qb1 {[%clk 0:00:16]} c4
{[%clk 0:00:47]} 26. Rfd1 {[%clk 0:00:17]} Nc6 {[%clk 0:00:40]} 27. Nc2
{[%clk 0:00:18]} Qc5 {[%clk 0:00:37]} 28. a3 {[%clk 0:00:17]} e5 {[%clk 0:00:38]}
29. Bd2 {[%clk 0:00:15]} c3 {[%clk 0:00:39]} 30. Be1 {[%clk 0:00:14]} d3
{[%clk 0:00:39]} 31. Nb4 {[%clk 0:00:13]} c2 {[%clk 0:00:40]} 32. Nxc2
{[%clk 0:00:09]} dxc2 {[%clk 0:00:40]} 33. Rxc2 {[%clk 0:00:08]} Qb6
{[%clk 0:00:40]} 34. Rdc1 {[%clk 0:00:09]} Nd4 {[%clk 0:00:41]} 35. Rb2
{[%clk 0:00:08]} Rc8 {[%clk 0:00:39]} 36. Rd1 {[%clk 0:00:08]} Qg6
{[%clk 0:00:36]} 37. Qxg6 {[%clk 0:00:06]} hxg6 {[%clk 0:00:37]} 38. f3
{[%clk 0:00:06]} Rc4 {[%clk 0:00:38]} 39. Bf2 {[%clk 0:00:06]} Rfc8
{[%clk 0:00:36]} 40. h4 {[%clk 0:00:07]} Ra4 {[%clk 0:00:37]} 41. Re1
{[%clk 0:00:07]} f6 {[%clk 0:00:38]} 42. Rd1 {[%clk 0:00:05]} Rcc4
{[%clk 0:00:37]} 43. Rbd2 {[%clk 0:00:05]} Rxa3 {[%clk 0:00:37]} 44. Bxd4
{[%clk 0:00:04]} Rxd4 {[%clk 0:00:38]} 45. Rxd4 {[%clk 0:00:04]} exd4
{[%clk 0:00:39]} 46. Rxd4 {[%clk 0:00:05]} a5 {[%clk 0:00:41]} 47. Rd8+
{[%clk 0:00:05]} Kh7 {[%clk 0:00:42]} 48. Rb8 {[%clk 0:00:06]} b4
{[%clk 0:00:43]} 49. Kf2 {[%clk 0:00:08]} b3 {[%clk 0:00:44]} 50. Kg3
{[%clk 0:00:08]} a4 {[%clk 0:00:45]} 51. Kg4 {[%clk 0:00:09]} Ra2
{[%clk 0:00:46]} 52. h5 {[%clk 0:00:10]} Rxg2+ {[%clk 0:00:45]} 53. Kh3
{[%clk 0:00:11]} Rc2 {[%clk 0:00:42]} 54. hxg6+ {[%clk 0:00:11]} Kxg6
{[%clk 0:00:43]} 55. Kg4 {[%clk 0:00:12]} b2 {[%clk 0:00:44]} 56. Kf4
{[%clk 0:00:13]} a3 {[%clk 0:00:46]} 57. Rb3 {[%clk 0:00:14]} a2 {[%clk 0:00:46]}
0-1

[Event "Russian Blitz Championship (w)"]
[Site "Sochi"]
[Date "2022.10.14"]
[Round "11.2"]
[White "Guseva, Marina"]
[Black "Shuvalova, Polina"]
[Result "1-0"]
[BlackElo "2392"]
[WhiteElo "2273"]
[LiveChessVersion "1.4.8"]

1. d4 {[%clk 0:03:02]} Nf6 {[%clk 0:03:04]} 2. c4 {[%clk 0:03:03]} e6
{[%clk 0:03:05]} 3. Nc3 {[%clk 0:03:04]} Bb4 {[%clk 0:03:06]} 4. Qc2
{[%clk 0:03:04]} d5 {[%clk 0:03:05]} 5. cxd5 {[%clk 0:03:04]} exd5
{[%clk 0:03:06]} 6. Bg5 {[%clk 0:03:04]} h6 {[%clk 0:03:07]} 7. Bh4
{[%clk 0:03:05]} g5 {[%clk 0:03:07]} 8. Bg3 {[%clk 0:03:05]} Nc6 {[%clk 0:03:07]}
9. e3 {[%clk 0:03:03]} h5 {[%clk 0:03:08]} 10. Bb5 {[%clk 0:03:01]} O-O
{[%clk 0:02:58]} 11. h4 {[%clk 0:02:20]} Ne4 {[%clk 0:02:58]} 12. Nge2
{[%clk 0:02:19]} Bf5 {[%clk 0:02:50]} 13. Bd3 {[%clk 0:02:20]} g4
{[%clk 0:02:34]} 14. Bf4 {[%clk 0:01:53]} Re8 {[%clk 0:02:13]} 15. a3
{[%clk 0:01:49]} Bxc3+ {[%clk 0:02:07]} 16. bxc3 {[%clk 0:01:44]} Qd7
{[%clk 0:02:01]} 17. O-O {[%clk 0:01:27]} Ne7 {[%clk 0:01:45]} 18. a4
{[%clk 0:00:46]} c6 {[%clk 0:01:42]} 19. Be5 {[%clk 0:00:39]} Ng6
{[%clk 0:01:38]} 20. Bg3 {[%clk 0:00:37]} Re7 {[%clk 0:01:10]} 21. c4
{[%clk 0:00:35]} Rae8 {[%clk 0:01:09]} 22. cxd5 {[%clk 0:00:36]} Qxd5
{[%clk 0:00:58]} 23. Nc3 {[%clk 0:00:33]} Nxc3 {[%clk 0:00:57]} 24. Bxf5
{[%clk 0:00:31]} Ne2+ {[%clk 0:00:56]} 25. Qxe2 {[%clk 0:00:30]} Qxf5
{[%clk 0:00:57]} 26. a5 {[%clk 0:00:28]} a6 {[%clk 0:00:58]} 27. Rab1
{[%clk 0:00:29]} Qxa5 {[%clk 0:00:57]} 28. Qc2 {[%clk 0:00:29]} Qd5
{[%clk 0:00:57]} 29. Rfc1 {[%clk 0:00:29]} Rd7 {[%clk 0:00:50]} 30. Qb2
{[%clk 0:00:27]} Qf5 {[%clk 0:00:49]} 31. Rc5 {[%clk 0:00:27]} Qd3
{[%clk 0:00:15]} 32. Rxh5 {[%clk 0:00:27]} Re6 {[%clk 0:00:10]} 33. Rc1
{[%clk 0:00:27]} Qe4 {[%clk 0:00:09]} 34. Qc3 {[%clk 0:00:26]} Rd5
{[%clk 0:00:05]} 35. Rxd5 {[%clk 0:00:26]} Qxd5 {[%clk 0:00:06]} 36. Qb4
{[%clk 0:00:26]} Qb5 {[%clk 0:00:07]} 37. Qd2 {[%clk 0:00:25]} Qd5
{[%clk 0:00:07]} 38. Rc5 {[%clk 0:00:26]} Qe4 {[%clk 0:00:08]} 39. h5
{[%clk 0:00:27]} Nf8 {[%clk 0:00:09]} 40. Qb2 {[%clk 0:00:26]} Re7
{[%clk 0:00:08]} 41. Rg5+ {[%clk 0:00:26]} Kh7 {[%clk 0:00:08]} 42. d5
{[%clk 0:00:27]} f6 {[%clk 0:00:03]} 43. Qxf6 {[%clk 0:00:27]} cxd5
{[%clk 0:00:03]} 44. Qxf8 {[%clk 0:00:26]} Qe6 {[%clk 0:00:03]} 45. Be5
{[%clk 0:00:23]} Rf7 {[%clk 0:00:03]} 46. Qh8# {[%clk 0:00:24]} 1-0

[Event "Russian Blitz Championship (w)"]
[Site "Sochi"]
[Date "2022.10.14"]
[Round "11.3"]
[White "Ovod, Evgenija"]
[Black "Bodnaruk, Anastasia"]
[Result "0-1"]
[BlackElo "2332"]
[WhiteElo "2223"]
[LiveChessVersion "1.4.8"]

1. e4 {[%clk 0:03:04]} c5 {[%clk 0:03:04]} 2. Nf3 {[%clk 0:03:05]} d6
{[%clk 0:03:05]} 3. Bb5+ {[%clk 0:03:06]} Nd7 {[%clk 0:03:04]} 4. a4
{[%clk 0:03:07]} Ngf6 {[%clk 0:02:55]} 5. Nc3 {[%clk 0:03:07]} a6
{[%clk 0:02:54]} 6. Be2 {[%clk 0:03:08]} b6 7. d4 {[%clk 0:03:08]} cxd4
{[%clk 0:02:50]} 8. Qxd4 {[%clk 0:03:09]} e5 {[%clk 0:02:47]} 9. Qe3
{[%clk 0:02:53]} Be7 {[%clk 0:02:37]} 10. O-O {[%clk 0:02:48]} O-O
{[%clk 0:02:36]} 11. Nd2 {[%clk 0:02:40]} Bb7 {[%clk 0:02:18]} 12. Rd1
{[%clk 0:02:02]} Qc7 {[%clk 0:02:18]} 13. b3 {[%clk 0:01:53]} Nc5
{[%clk 0:02:04]} 14. Bb2 {[%clk 0:01:50]} Ne6 {[%clk 0:01:51]} 15. Nc4
{[%clk 0:01:20]} Nd4 {[%clk 0:01:47]} 16. Bd3 {[%clk 0:01:20]} b5
{[%clk 0:01:25]} 17. Nd2 {[%clk 0:00:55]} b4 {[%clk 0:01:15]} 18. Na2
{[%clk 0:00:48]} d5 {[%clk 0:00:57]} 19. Bxd4 {[%clk 0:00:37]} exd4
{[%clk 0:00:58]} 20. Qxd4 {[%clk 0:00:33]} Bc5 {[%clk 0:00:56]} 21. Qb2
{[%clk 0:00:34]} Ng4 {[%clk 0:00:54]} 22. Rf1 0-1

[Event "Russian Blitz Championship (w)"]
[Site "Sochi"]
[Date "2022.10.14"]
[Round "11.4"]
[White "Maletina, Tatiana"]
[Black "Tomilova, Elena"]
[Result "0-1"]
[BlackElo "2107"]
[WhiteElo "2184"]
[LiveChessVersion "1.4.8"]

1. d4 {[%clk 0:03:03]} e6 {[%clk 0:03:03]} 2. c4 {[%clk 0:02:58]} Nf6
{[%clk 0:03:03]} 3. g3 {[%clk 0:02:59]} d5 {[%clk 0:03:02]} 4. Nf3
{[%clk 0:02:59]} c6 {[%clk 0:02:49]} 5. Qc2 {[%clk 0:02:59]} dxc4
{[%clk 0:02:48]} 6. Qxc4 {[%clk 0:02:59]} b5 {[%clk 0:02:48]} 7. Qc2
{[%clk 0:03:00]} Bb7 {[%clk 0:02:48]} 8. Bg2 {[%clk 0:03:00]} Nbd7
{[%clk 0:02:46]} 9. O-O {[%clk 0:02:45]} Be7 {[%clk 0:02:45]} 10. Nbd2
{[%clk 0:02:44]} a6 {[%clk 0:02:41]} 11. Nb3 {[%clk 0:02:44]} c5 {[%clk 0:02:31]}
12. Nxc5 {[%clk 0:02:40]} Nxc5 {[%clk 0:02:19]} 13. dxc5 {[%clk 0:02:41]} Be4
{[%clk 0:02:20]} 14. Qc3 {[%clk 0:02:40]} O-O {[%clk 0:02:08]} 15. Be3
{[%clk 0:01:48]} a5 {[%clk 0:02:05]} 16. Rfd1 {[%clk 0:01:46]} Qc7
{[%clk 0:01:58]} 17. Rac1 {[%clk 0:01:47]} Nd5 {[%clk 0:01:49]} 18. Qd4
{[%clk 0:01:46]} f5 {[%clk 0:01:47]} 19. Bg5 {[%clk 0:01:26]} e5 {[%clk 0:01:02]}
20. Qd2 {[%clk 0:01:19]} Bxc5 {[%clk 0:00:55]} 21. Ne1 {[%clk 0:00:30]} Bxg2
{[%clk 0:00:34]} 22. Nxg2 {[%clk 0:00:26]} Nb6 {[%clk 0:00:28]} 23. Qc3
{[%clk 0:00:12]} Rac8 {[%clk 0:00:25]} 24. Qb3+ {[%clk 0:00:05]} Kh8
{[%clk 0:00:22]} 25. Qxb5 {[%clk 0:00:06]} f4 {[%clk 0:00:10]} 26. gxf4
{[%clk 0:00:05]} e4 {[%clk 0:00:11]} 27. e3 {[%clk 0:00:06]} h6 {[%clk 0:00:10]}
28. Bh4 {[%clk 0:00:07]} Rf5 {[%clk 0:00:10]} 29. Qe2 {[%clk 0:00:06]} Qf7
{[%clk 0:00:10]} 30. Qg4 {[%clk 0:00:07]} Rf8 {[%clk 0:00:09]} 31. a3
{[%clk 0:00:07]} Nd5 {[%clk 0:00:09]} 32. Qe2 {[%clk 0:00:05]} Nc7
{[%clk 0:00:08]} 33. Qc4 {[%clk 0:00:05]} Ne6 {[%clk 0:00:08]} 34. Qxe4
{[%clk 0:00:04]} Nxf4 {[%clk 0:00:07]} 35. Nxf4 {[%clk 0:00:03]} Re8
{[%clk 0:00:06]} 36. Qg2 Rxf4 37. exf4 Qxf4 38. Rxc5 Qxh4 0-1